<?xml version="1.0" encoding="UTF-8"?>
<record
    xmlns:xsi="http://www.w3.org/2001/XMLSchema-instance"
    xsi:schemaLocation="http://www.loc.gov/MARC21/slim http://www.loc.gov/standards/marcxml/schema/MARC21slim.xsd"
    xmlns="http://www.loc.gov/MARC21/slim">

  <leader>00866nam a22002657a 4500</leader>
  <controlfield tag="005">20140811115448.0</controlfield>
  <datafield tag="010" ind1=" " ind2=" ">
    <subfield code="a">ENG-110382</subfield>
  </datafield>
  <datafield tag="020" ind1=" " ind2=" ">
    <subfield code="a">9788179304525</subfield>
    <subfield code="c">355.00</subfield>
  </datafield>
  <datafield tag="020" ind1=" " ind2=" ">
    <subfield code="a">8179304523</subfield>
    <subfield code="c">355.00</subfield>
  </datafield>
  <datafield tag="035" ind1=" " ind2=" ">
    <subfield code="a">B-497066-081</subfield>
  </datafield>
  <datafield tag="035" ind1=" " ind2=" ">
    <subfield code="a">EN-93914</subfield>
  </datafield>
  <datafield tag="037" ind1=" " ind2=" ">
    <subfield code="b">UBH/Ven</subfield>
  </datafield>
  <datafield tag="037" ind1=" " ind2=" ">
    <subfield code="b">DBAD/PUB</subfield>
  </datafield>
  <datafield tag="082" ind1=" " ind2=" ">
    <subfield code="a">509.54</subfield>
  </datafield>
  <datafield tag="245" ind1=" " ind2=" ">
    <subfield code="a">Developments in science and technology /</subfield>
    <subfield code="c">edited by Kalpana Rajaram [and] R.K. Suri</subfield>
  </datafield>
  <datafield tag="250" ind1=" " ind2=" ">
    <subfield code="a">rev. &amp; enl. ed</subfield>
  </datafield>
  <datafield tag="260" ind1=" " ind2=" ">
    <subfield code="a">New Delhi</subfield>
    <subfield code="b">Spectrum Books</subfield>
    <subfield code="c">c2012</subfield>
  </datafield>
  <datafield tag="270" ind1=" " ind2=" ">
    <subfield code="a">102-103, 1st Floor, TC Jaina Tower -3,A-1, Janakpuri</subfield>
    <subfield code="b">New Delhi</subfield>
    <subfield code="e">110058</subfield>
  </datafield>
  <datafield tag="300" ind1=" " ind2=" ">
    <subfield code="a">xvi, 854p.</subfield>
    <subfield code="c">23cm(pbk)</subfield>
  </datafield>
  <datafield tag="500" ind1=" " ind2=" ">
    <subfield code="a">Includes index</subfield>
  </datafield>
  <datafield tag="700" ind1=" " ind2=" ">
    <subfield code="a">Kalpana Rajaram</subfield>
  </datafield>
  <datafield tag="700" ind1=" " ind2=" ">
    <subfield code="a">Suri,R.K. </subfield>
  </datafield>
  <datafield tag="942" ind1=" " ind2=" ">
    <subfield code="2">ddc</subfield>
    <subfield code="c">EN</subfield>
    <subfield code="m">DEV</subfield>
    <subfield code="h">509.54</subfield>
  </datafield>
  <datafield tag="999" ind1=" " ind2=" ">
    <subfield code="c">74714</subfield>
    <subfield code="d">74714</subfield>
  </datafield>
  <datafield tag="952" ind1=" " ind2=" ">
    <subfield code="0">0</subfield>
    <subfield code="1">5</subfield>
    <subfield code="4">0</subfield>
    <subfield code="7">0</subfield>
    <subfield code="8">NFIC</subfield>
    <subfield code="a">L</subfield>
    <subfield code="b">L</subfield>
    <subfield code="d">2013-05-24</subfield>
    <subfield code="e">UBH/272/11.03.2013/180/08.03.2013/15.03.2013</subfield>
    <subfield code="g">355.00</subfield>
    <subfield code="l">0</subfield>
    <subfield code="o">509.54 RAJ</subfield>
    <subfield code="p">B-497066</subfield>
    <subfield code="r">2013-05-24 00:00:00</subfield>
    <subfield code="t">1</subfield>
    <subfield code="v">355.00</subfield>
    <subfield code="y">EN</subfield>
  </datafield>
  <datafield tag="952" ind1=" " ind2=" ">
    <subfield code="0">0</subfield>
    <subfield code="1">5</subfield>
    <subfield code="4">0</subfield>
    <subfield code="7">0</subfield>
    <subfield code="8">NFIC</subfield>
    <subfield code="a">BL1</subfield>
    <subfield code="b">BL1</subfield>
    <subfield code="d">2013-05-24</subfield>
    <subfield code="e">UBH/272/11.03.2013/180/08.03.2013/15.03.2013</subfield>
    <subfield code="g">355.00</subfield>
    <subfield code="l">0</subfield>
    <subfield code="o">509.54 RAJ</subfield>
    <subfield code="p">B-497067</subfield>
    <subfield code="r">2013-05-24 00:00:00</subfield>
    <subfield code="t">1</subfield>
    <subfield code="v">355.00</subfield>
    <subfield code="y">EN</subfield>
  </datafield>
  <datafield tag="952" ind1=" " ind2=" ">
    <subfield code="0">0</subfield>
    <subfield code="1">0</subfield>
    <subfield code="4">0</subfield>
    <subfield code="7">0</subfield>
    <subfield code="8">NFIC</subfield>
    <subfield code="a">KGM</subfield>
    <subfield code="b">KGM</subfield>
    <subfield code="d">2013-05-24</subfield>
    <subfield code="e">UBH/272/11.03.2013/180/08.03.2013/15.03.2013</subfield>
    <subfield code="g">355.00</subfield>
    <subfield code="l">0</subfield>
    <subfield code="o">509.54 RAJ</subfield>
    <subfield code="p">B-497068</subfield>
    <subfield code="r">2013-05-24 00:00:00</subfield>
    <subfield code="t">1</subfield>
    <subfield code="v">355.00</subfield>
    <subfield code="y">EN</subfield>
  </datafield>
  <datafield tag="952" ind1=" " ind2=" ">
    <subfield code="0">0</subfield>
    <subfield code="1">0</subfield>
    <subfield code="4">0</subfield>
    <subfield code="7">0</subfield>
    <subfield code="8">NFIC</subfield>
    <subfield code="a">PR</subfield>
    <subfield code="b">PR</subfield>
    <subfield code="d">2013-05-24</subfield>
    <subfield code="e">UBH/272/11.03.2013/180/08.03.2013/15.03.2013</subfield>
    <subfield code="g">355.00</subfield>
    <subfield code="l">0</subfield>
    <subfield code="o">509.54 RAJ</subfield>
    <subfield code="p">B-497069</subfield>
    <subfield code="r">2013-05-24 00:00:00</subfield>
    <subfield code="t">1</subfield>
    <subfield code="v">355.00</subfield>
    <subfield code="y">EN</subfield>
  </datafield>
  <datafield tag="952" ind1=" " ind2=" ">
    <subfield code="0">0</subfield>
    <subfield code="1">0</subfield>
    <subfield code="4">0</subfield>
    <subfield code="7">0</subfield>
    <subfield code="8">NFIC</subfield>
    <subfield code="a">TN</subfield>
    <subfield code="b">TN</subfield>
    <subfield code="d">2013-05-24</subfield>
    <subfield code="e">UBH/272/11.03.2013/180/08.03.2013/15.03.2013</subfield>
    <subfield code="g">355.00</subfield>
    <subfield code="l">1</subfield>
    <subfield code="o">509.54 RAJ</subfield>
    <subfield code="p">B-497070</subfield>
    <subfield code="r">2018-10-01 00:00:00</subfield>
    <subfield code="s">2018-09-14</subfield>
    <subfield code="t">1</subfield>
    <subfield code="v">355.00</subfield>
    <subfield code="y">EN</subfield>
  </datafield>
  <datafield tag="952" ind1=" " ind2=" ">
    <subfield code="0">0</subfield>
    <subfield code="1">0</subfield>
    <subfield code="4">0</subfield>
    <subfield code="7">0</subfield>
    <subfield code="8">NFIC</subfield>
    <subfield code="a">CJ</subfield>
    <subfield code="b">CJ</subfield>
    <subfield code="d">2013-05-24</subfield>
    <subfield code="e">UBH/272/11.03.2013/180/08.03.2013/15.03.2013</subfield>
    <subfield code="g">355.00</subfield>
    <subfield code="l">0</subfield>
    <subfield code="o">509.54 RAJ</subfield>
    <subfield code="p">B-497071</subfield>
    <subfield code="r">2013-05-24 00:00:00</subfield>
    <subfield code="t">1</subfield>
    <subfield code="v">355.00</subfield>
    <subfield code="y">EN</subfield>
  </datafield>
  <datafield tag="952" ind1=" " ind2=" ">
    <subfield code="0">0</subfield>
    <subfield code="1">0</subfield>
    <subfield code="4">0</subfield>
    <subfield code="7">0</subfield>
    <subfield code="8">NFIC</subfield>
    <subfield code="a">DIZ</subfield>
    <subfield code="b">DIZ</subfield>
    <subfield code="d">2013-05-24</subfield>
    <subfield code="e">UBH/272/11.03.2013/180/08.03.2013/15.03.2013</subfield>
    <subfield code="g">355.00</subfield>
    <subfield code="l">0</subfield>
    <subfield code="o">509.54 RAJ</subfield>
    <subfield code="p">B-497072</subfield>
    <subfield code="r">2013-05-24 00:00:00</subfield>
    <subfield code="t">1</subfield>
    <subfield code="v">355.00</subfield>
    <subfield code="y">EN</subfield>
  </datafield>
  <datafield tag="952" ind1=" " ind2=" ">
    <subfield code="0">0</subfield>
    <subfield code="1">5</subfield>
    <subfield code="4">0</subfield>
    <subfield code="7">0</subfield>
    <subfield code="8">NFIC</subfield>
    <subfield code="a">NRN</subfield>
    <subfield code="b">NRN</subfield>
    <subfield code="d">2013-05-24</subfield>
    <subfield code="e">UBH/272/11.03.2013/180/08.03.2013/15.03.2013</subfield>
    <subfield code="g">355.00</subfield>
    <subfield code="l">0</subfield>
    <subfield code="o">509.54 RAJ</subfield>
    <subfield code="p">B-497073</subfield>
    <subfield code="r">2013-05-24 00:00:00</subfield>
    <subfield code="t">1</subfield>
    <subfield code="v">355.00</subfield>
    <subfield code="y">EN</subfield>
  </datafield>
  <datafield tag="952" ind1=" " ind2=" ">
    <subfield code="0">0</subfield>
    <subfield code="1">0</subfield>
    <subfield code="4">0</subfield>
    <subfield code="7">0</subfield>
    <subfield code="8">NFIC</subfield>
    <subfield code="a">JP</subfield>
    <subfield code="b">JP</subfield>
    <subfield code="d">2013-05-24</subfield>
    <subfield code="e">UBH/272/11.03.2013/180/08.03.2013/15.03.2013</subfield>
    <subfield code="g">355.00</subfield>
    <subfield code="l">5</subfield>
    <subfield code="m">1</subfield>
    <subfield code="o">509.54 RAJ</subfield>
    <subfield code="p">B-497074</subfield>
    <subfield code="r">2019-08-08 00:00:00</subfield>
    <subfield code="s">2014-04-09</subfield>
    <subfield code="t">1</subfield>
    <subfield code="v">355.00</subfield>
    <subfield code="y">EN</subfield>
  </datafield>
  <datafield tag="952" ind1=" " ind2=" ">
    <subfield code="0">0</subfield>
    <subfield code="1">0</subfield>
    <subfield code="4">0</subfield>
    <subfield code="7">0</subfield>
    <subfield code="8">NFIC</subfield>
    <subfield code="a">ZLS</subfield>
    <subfield code="b">ZLS</subfield>
    <subfield code="d">2013-05-24</subfield>
    <subfield code="e">UBH/272/11.03.2013/180/08.03.2013/15.03.2013</subfield>
    <subfield code="g">355.00</subfield>
    <subfield code="l">4</subfield>
    <subfield code="m">1</subfield>
    <subfield code="o">509.54 RAJ</subfield>
    <subfield code="p">B-497075</subfield>
    <subfield code="r">2020-12-19 00:00:00</subfield>
    <subfield code="s">2020-12-09</subfield>
    <subfield code="t">1</subfield>
    <subfield code="v">355.00</subfield>
    <subfield code="y">EN</subfield>
  </datafield>
  <datafield tag="952" ind1=" " ind2=" ">
    <subfield code="0">0</subfield>
    <subfield code="1">0</subfield>
    <subfield code="4">0</subfield>
    <subfield code="7">0</subfield>
    <subfield code="8">NFIC</subfield>
    <subfield code="a">BL3</subfield>
    <subfield code="b">BL3</subfield>
    <subfield code="d">2013-05-24</subfield>
    <subfield code="e">UBH/272/11.03.2013/180/08.03.2013/15.03.2013</subfield>
    <subfield code="g">355.00</subfield>
    <subfield code="l">0</subfield>
    <subfield code="o">509.54 RAJ</subfield>
    <subfield code="p">B-497076</subfield>
    <subfield code="r">2013-05-24 00:00:00</subfield>
    <subfield code="t">1</subfield>
    <subfield code="v">355.00</subfield>
    <subfield code="y">EN</subfield>
  </datafield>
  <datafield tag="952" ind1=" " ind2=" ">
    <subfield code="0">0</subfield>
    <subfield code="1">5</subfield>
    <subfield code="4">0</subfield>
    <subfield code="7">0</subfield>
    <subfield code="8">NFIC</subfield>
    <subfield code="a">NRR</subfield>
    <subfield code="b">NRR</subfield>
    <subfield code="d">2013-05-24</subfield>
    <subfield code="e">UBH/272/11.03.2013/180/08.03.2013/15.03.2013</subfield>
    <subfield code="g">355.00</subfield>
    <subfield code="l">0</subfield>
    <subfield code="o">509.54 RAJ</subfield>
    <subfield code="p">B-497077</subfield>
    <subfield code="r">2013-05-24 00:00:00</subfield>
    <subfield code="t">1</subfield>
    <subfield code="v">355.00</subfield>
    <subfield code="y">EN</subfield>
  </datafield>
  <datafield tag="952" ind1=" " ind2=" ">
    <subfield code="0">0</subfield>
    <subfield code="1">0</subfield>
    <subfield code="4">0</subfield>
    <subfield code="7">0</subfield>
    <subfield code="8">NFIC</subfield>
    <subfield code="a">BKK</subfield>
    <subfield code="b">BKK</subfield>
    <subfield code="d">2013-05-24</subfield>
    <subfield code="e">UBH/272/11.03.2013/180/08.03.2013/15.03.2013</subfield>
    <subfield code="g">355.00</subfield>
    <subfield code="l">0</subfield>
    <subfield code="o">509.54 RAJ</subfield>
    <subfield code="p">B-497078</subfield>
    <subfield code="r">2013-05-24 00:00:00</subfield>
    <subfield code="t">1</subfield>
    <subfield code="v">355.00</subfield>
    <subfield code="y">EN</subfield>
  </datafield>
  <datafield tag="952" ind1=" " ind2=" ">
    <subfield code="0">4</subfield>
    <subfield code="1">0</subfield>
    <subfield code="4">0</subfield>
    <subfield code="7">0</subfield>
    <subfield code="8">NFIC</subfield>
    <subfield code="a">NR</subfield>
    <subfield code="b">NR</subfield>
    <subfield code="d">2013-05-24</subfield>
    <subfield code="e">UBH/272/11.03.2013/180/08.03.2013/15.03.2013</subfield>
    <subfield code="g">355.00</subfield>
    <subfield code="l">0</subfield>
    <subfield code="o">509.54 RAJ</subfield>
    <subfield code="p">B-497079</subfield>
    <subfield code="r">2013-05-24 00:00:00</subfield>
    <subfield code="t">1</subfield>
    <subfield code="v">355.00</subfield>
    <subfield code="y">EN</subfield>
    <subfield code="z">Written off on approval by DLB (By Circulation); dtd 20.12.2022</subfield>
  </datafield>
  <datafield tag="952" ind1=" " ind2=" ">
    <subfield code="0">0</subfield>
    <subfield code="1">0</subfield>
    <subfield code="4">0</subfield>
    <subfield code="7">0</subfield>
    <subfield code="8">NFIC</subfield>
    <subfield code="a">BL4</subfield>
    <subfield code="b">BL4</subfield>
    <subfield code="d">2013-05-24</subfield>
    <subfield code="e">UBH/272/11.03.2013/180/08.03.2013/15.03.2013</subfield>
    <subfield code="g">355.00</subfield>
    <subfield code="l">7</subfield>
    <subfield code="m">5</subfield>
    <subfield code="o">509.54 RAJ</subfield>
    <subfield code="p">B-497080</subfield>
    <subfield code="r">2022-01-03 00:00:00</subfield>
    <subfield code="s">2021-12-22</subfield>
    <subfield code="t">1</subfield>
    <subfield code="v">355.00</subfield>
    <subfield code="y">EN</subfield>
  </datafield>
  <datafield tag="952" ind1=" " ind2=" ">
    <subfield code="0">0</subfield>
    <subfield code="1">0</subfield>
    <subfield code="4">0</subfield>
    <subfield code="7">0</subfield>
    <subfield code="8">NFIC</subfield>
    <subfield code="a">YV</subfield>
    <subfield code="b">YV</subfield>
    <subfield code="d">2013-05-24</subfield>
    <subfield code="e">UBH/272/11.03.2013/180/08.03.2013/15.03.2013</subfield>
    <subfield code="g">355.00</subfield>
    <subfield code="l">0</subfield>
    <subfield code="o">509.54 RAJ</subfield>
    <subfield code="p">B-497081</subfield>
    <subfield code="r">2013-05-24 00:00:00</subfield>
    <subfield code="t">1</subfield>
    <subfield code="v">355.00</subfield>
    <subfield code="y">EN</subfield>
  </datafield>
  <datafield tag="952" ind1=" " ind2=" ">
    <subfield code="0">0</subfield>
    <subfield code="1">0</subfield>
    <subfield code="4">0</subfield>
    <subfield code="7">1</subfield>
    <subfield code="8">NFIC</subfield>
    <subfield code="a">DBAD</subfield>
    <subfield code="b">DBAD</subfield>
    <subfield code="d">2014-07-03</subfield>
    <subfield code="e">DBAD/PUB</subfield>
    <subfield code="g">355.00</subfield>
    <subfield code="l">0</subfield>
    <subfield code="o">509.54 DEV</subfield>
    <subfield code="p">EN-93914</subfield>
    <subfield code="r">2014-07-03 00:00:00</subfield>
    <subfield code="t">1</subfield>
    <subfield code="v">355.00</subfield>
    <subfield code="w">2014-07-03</subfield>
    <subfield code="y">EN</subfield>
  </datafield>
</record>
